000
00194 a2200097 4500
001
3475
100
_a
Hutheesing, R
245
_a
Great peace the
260
_a
_b
Harper
_c
090
_c
2741
_d
2741
942
_a
NUST-CAE
_c
M
_c
19347
999
_c
238548
_d
238548